000
00262nam a2200121Ia 4500
100
_a
DEOPUJARI/U.P.
942
_c
BK
245
_a
MAHARASHTRA DISCIPLINE & APPEAL HOUSE
260
_b
Nagpur Law House
_a
Nagpur
300
_a
58
546
_a
ENGLISH
999
_c
32400
_d
32400